[Event "GER-ch Seniors 65 31st"]
[Site "Radebeul"]
[Date "2019.05.04"]
[Round "9"]
[White "Hadlich, Winfried"]
[Black "Ehlert, Joachim"]
[Result "1/2-1/2"]
[WhiteElo "1854"]
[BlackElo "1918"]
[PlyCount "21"]
[EventDate "2019.04.26"]
[EventType "swiss"]
[EventRounds "9"]
[EventCountry "GER"]
[SourceTitle "CBM 190 Extra"]
[Source "ChessBase"]
[SourceDate "2019.07.15"]
[SourceVersion "1"]
[SourceVersionDate "2019.07.15"]
[SourceQuality "1"]

1. d4 Nf6 2. Bf4 d5 3. h3 e6 4. e3 Bd6 5. Bxd6 Qxd6 6. c3 0-0 7. Nf3 b6 8. Bd3 a5 9. 0-0 Ba6 10. Re1 Bxd3 11. Qxd3 1/2-1/2

[Event "GER-ch Seniors 65 31st"]
[Site "Radebeul"]
[Date "2019.05.03"]
[Round "8"]
[White "Ehlert, Joachim"]
[Black "Narr, Irmgard"]
[Result "1-0"]
[WhiteElo "1918"]
[BlackElo "1708"]
[PlyCount "115"]
[EventDate "2019.04.26"]
[EventType "swiss"]
[EventRounds "9"]
[EventCountry "GER"]
[SourceTitle "CBM 190 Extra"]
[Source "ChessBase"]
[SourceDate "2019.07.15"]
[SourceVersion "1"]
[SourceVersionDate "2019.07.15"]
[SourceQuality "1"]

1. e4 e6 2. d4 d5 3. Nd2 Be7 4. e5 c5 5. c3 Qb6 6. Ndf3 Nc6 7. Bd3 Bd7 8. Ne2 cxd4 9. cxd4 Nb4 10. Bb1 f5 11. 0-0 Bb5 12. Re1 Bxe2 13. Qxe2 Nc6 14. Rd1 Bd8 15. Be3 Nce7 16. Bd3 a6 17. a4 Ng6 18. a5 Qc7 19. Rdc1 Qf7 20. Bc2 N8e7 21. Ba4+ Nc6 22. Bxc6+ bxc6 23. Rxc6 0-0 24. Rxa6 Rb8 25. Bg5 h6 26. Bxd8 Rfxd8 27. g3 Nf8 28. Rb1 Rb4 29. Rc6 Rdb8 30. a6 Qd7 31. Rc3 Qa4 32. Kg2 Ra8 33. Ra3 Qd7 34. Qd3 Qe8 35. b3 Ra7 36. Ne1 Rb6 37. Rba1 Nd7 38. Nc2 Rc6 39. Nb4 Rc3 40. Qd2 Nb6 41. Nd3 Rc6 42. Nc5 Kf7 43. Qb4 g5 44. Nb7 Kg6 45. Nd6 Qf8 46. Qb5 Rac7 47. a7 Na8 48. Ra6 Rxa6 49. Rxa6 f4 50. Qd3+ Kg7 51. g4 Qe7 52. Nb5 Rb7 53. Ra5 Qd7 54. b4 Qc6 55. Nd6 Rxb4 56. Rc5 Qd7 57. Rc8 Nc7 58. Rxc7 1-0

[Event "GER-ch Seniors 65 31st"]
[Site "Radebeul"]
[Date "2019.05.02"]
[Round "7"]
[White "Kundt, Guenther"]
[Black "Ehlert, Joachim"]
[Result "1/2-1/2"]
[WhiteElo "1736"]
[BlackElo "1918"]
[PlyCount "67"]
[EventDate "2019.04.26"]
[EventType "swiss"]
[EventRounds "9"]
[EventCountry "GER"]
[SourceTitle "CBM 190 Extra"]
[Source "ChessBase"]
[SourceDate "2019.07.15"]
[SourceVersion "1"]
[SourceVersionDate "2019.07.15"]
[SourceQuality "1"]

1. d4 Nf6 2. c4 g6 3. Nc3 Bg7 4. e4 0-0 5. Be2 d6 6. Bg5 Na6 7. h4 c5 8. d5 h6 9. Be3 Qa5 10. f3 Nh5 11. Qd2 Ng3 12. Rh2 Be5 13. Bf4 Bxc3 14. Qxc3 Qxc3+ 15. bxc3 Nxe2 16. Nxe2 Kg7 17. g4 Nb8 18. e5 dxe5 19. Bxe5+ f6 20. Bxb8 Rxb8 21. Kd2 Rd8 22. Kc2 b6 23. a4 e6 24. Rd1 e5 25. Ng3 Bd7 26. Ra1 Kf7 27. Rd2 Rg8 28. Ne4 Ke7 29. g5 fxg5 30. hxg5 hxg5 31. d6+ Kd8 32. Nxg5 Bf5+ 33. Kb3 a6 34. Nf7+ 1/2-1/2

[Event "GER-ch Seniors 65 31st"]
[Site "Radebeul"]
[Date "2019.04.27"]
[Round "2"]
[White "Kurpiela, Franz"]
[Black "Ehlert, Joachim"]
[Result "1-0"]
[WhiteElo "1731"]
[BlackElo "1918"]
[PlyCount "131"]
[EventDate "2019.04.26"]
[EventType "swiss"]
[EventRounds "9"]
[EventCountry "GER"]
[SourceTitle "CBM 190 Extra"]
[Source "ChessBase"]
[SourceDate "2019.07.15"]
[SourceVersion "1"]
[SourceVersionDate "2019.07.15"]
[SourceQuality "1"]

1. e4 c5 2. Nc3 e6 3. Nf3 Nc6 4. Bb5 Nge7 5. d3 a6 6. Ba4 b5 7. Bb3 Bb7 8. 0-0 Na5 9. Be3 Ng6 10. Nd2 d5 11. exd5 exd5 12. Qe2 Be7 13. Bxc5 0-0 14. Bxe7 Nxe7 15. Rfe1 Ng6 16. d4 Qd7 17. Qf3 Nc4 18. Nf1 Rfd8 19. Rab1 a5 20. a3 Re8 21. Rxe8+ Rxe8 22. g3 Bc6 23. h4 Qh3 24. Bxc4 Nxh4 25. Qh1 Qxh1+ 26. Kxh1 dxc4+ 27. d5 Bb7 28. gxh4 b4 29. axb4 axb4 30. Na2 Bxd5+ 31. Kg1 b3 32. cxb3 cxb3 33. Nc3 Bc4 34. Ne3 Bd3 35. Rd1 Bg6 36. Na4 h5 37. Nc5 Bc2 38. Rc1 Re5 39. Nd7 Re4 40. Ng2 Rg4 41. Ne5 Re4 42. Nf3 Ra4 43. Nfe1 Bf5 44. Ne3 Be6 45. Nd3 Rxh4 46. Nc5 g5 47. Nxe6 fxe6 48. Rc3 Rb4 49. Rc7 h4 50. Kg2 Rf4 51. Rb7 h3+ 52. Kxh3 Rxf2 53. Rxb3 Kg7 54. Kg3 Rd2 55. Kg4 Kf6 56. Rb5 Rd4+ 57. Kg3 Rd3 58. Kf2 Rd4 59. b3 Rh4 60. Kg3 Rd4 61. Ng4+ Kg6 62. Ne5+ Kf6 63. Nf3 Rd3 64. Kg4 e5 65. Rb6+ Ke7 66. Nxe5 1-0

[Event "Sachsen-ch Seniors op"]
[Site "Dresden"]
[Date "2016.11.06"]
[Round "7"]
[White "Schneider, Alexander"]
[Black "Ehlert, Joachim"]
[Result "1-0"]
[WhiteElo "2058"]
[BlackElo "1991"]
[PlyCount "45"]
[EventDate "2016.10.31"]
[EventType "swiss"]
[EventRounds "9"]
[EventCountry "GER"]
[SourceTitle "EXT 2019"]
[Source "ChessBase"]
[SourceDate "2018.10.10"]
[SourceVersion "1"]
[SourceVersionDate "2018.10.10"]
[SourceQuality "1"]

1. d4 Nf6 2. Nf3 g6 3. c4 Bg7 4. Nc3 0-0 5. e4 d6 6. g3 c6 7. Bg2 Be6 8. Qe2 Qc8 9. h3 Na6 10. g4 Rb8 11. 0-0 Nc7 12. Ng5 Bd7 13. e5 Nfe8 14. f4 h6 15. Nf3 d5 16. Nh4 dxc4 17. Qxc4 Be6 18. Qc5 h5 19. f5 Bd5 20. Nxd5 Nxd5 21. fxg6 b6 22. Qa3 Qe6 23. gxh5 1-0

[Event "Sachsen-ch Seniors op"]
[Site "Dresden"]
[Date "2016.11.04"]
[Round "5"]
[White "Kanibalotzka, Yeyzaveta Elisabet"]
[Black "Ehlert, Joachim"]
[Result "1/2-1/2"]
[WhiteElo "1839"]
[BlackElo "1991"]
[PlyCount "50"]
[EventDate "2016.10.31"]
[EventType "swiss"]
[EventRounds "9"]
[EventCountry "GER"]
[SourceTitle "EXT 2019"]
[Source "ChessBase"]
[SourceDate "2018.10.10"]
[SourceVersion "1"]
[SourceVersionDate "2018.10.10"]
[SourceQuality "1"]

1. d4 Nf6 2. Nf3 g6 3. g3 Bg7 4. Bg2 c6 5. c3 0-0 6. 0-0 d6 7. Nbd2 Nbd7 8. e4 Re8 9. h3 Qb6 10. Re1 a5 11. Nc4 Qc7 12. e5 dxe5 13. Ncxe5 Nxe5 14. Nxe5 Be6 15. Nd3 Rad8 16. Bf4 Qc8 17. Kh2 Nd5 18. Bd2 b6 19. Qc1 c5 20. dxc5 bxc5 21. Nf4 Nxf4 22. Bxf4 h5 23. Bh6 Rd6 24. Bxg7 Kxg7 25. Qe3 Red8 1/2-1/2

[Event "Sachsen-ch Seniors op"]
[Site "Dresden"]
[Date "2016.11.02"]
[Round "3"]
[White "Ehlert, Joachim"]
[Black "Waltenberger, Udo"]
[Result "1/2-1/2"]
[WhiteElo "1991"]
[BlackElo "2047"]
[PlyCount "25"]
[EventDate "2016.10.31"]
[EventType "swiss"]
[EventRounds "9"]
[EventCountry "GER"]
[SourceTitle "EXT 2019"]
[Source "ChessBase"]
[SourceDate "2018.10.10"]
[SourceVersion "1"]
[SourceVersionDate "2018.10.10"]
[SourceQuality "1"]

1. e4 c6 2. d4 g6 3. Nc3 Bg7 4. Be3 d5 5. Qd2 dxe4 6. Nxe4 Bf5 7. Ng3 Be6 8. Nf3 c5 9. c3 Nc6 10. dxc5 Qxd2+ 11. Nxd2 Nf6 12. Bb5 Rc8 13. 0-0 1/2-1/2

[Event "WchT Seniors 65"]
[Site "Radebeul"]
[Date "2016.07.03"]
[Round "8.24"]
[White "Ziegenbein, Dieter"]
[Black "Ehlert, Joachim"]
[Result "1/2-1/2"]
[WhiteElo "1701"]
[BlackElo "2007"]
[PlyCount "66"]
[EventDate "2016.06.26"]
[EventType "team-swiss"]
[EventRounds "9"]
[EventCountry "GER"]
[SourceTitle "CBM 173 Extra"]
[Source "ChessBase"]
[SourceDate "2016.08.29"]
[SourceVersion "1"]
[SourceVersionDate "2016.08.29"]
[SourceQuality "1"]
[WhiteTeam "Dresden Seniors"]
[BlackTeam "Stiftung BSW/DBAG III"]
[WhiteTeamCountry "GER"]
[BlackTeamCountry "GER"]

1. e4 c5 2. Nf3 e6 3. d4 cxd4 4. Nxd4 a6 5. Bd3 Nc6 6. Be3 Nf6 7. 0-0 d5 8. Nxc6 bxc6 9. e5 Nd7 10. f4 c5 11. c3 Bb7 12. Qg4 g6 13. Nd2 h5 14. Qe2 Qc7 15. Nf3 Be7 16. Bf2 Qc6 17. Rfe1 Qa4 18. Qd2 h4 19. h3 Rb8 20. b3 Qc6 21. Rac1 Qc7 22. Qc2 Nf8 23. Qd2 Ra8 24. Rf1 Nd7 25. Rfe1 Kf8 26. Qc2 Kg7 27. Qd2 Nb6 28. Re3 Rad8 29. Qe1 c4 30. Bc2 cxb3 31. axb3 Ba3 32. Rb1 d4 33. Rd3 Bxf3 1/2-1/2

[Event "WchT Seniors 65"]
[Site "Radebeul"]
[Date "2016.07.01"]
[Round "6.19"]
[White "Nickl, Klaus"]
[Black "Ehlert, Joachim"]
[Result "1-0"]
[WhiteElo "2028"]
[BlackElo "2007"]
[PlyCount "41"]
[EventDate "2016.06.26"]
[EventType "team-swiss"]
[EventRounds "9"]
[EventCountry "GER"]
[SourceTitle "CBM 173 Extra"]
[Source "ChessBase"]
[SourceDate "2016.08.29"]
[SourceVersion "1"]
[SourceVersionDate "2016.08.29"]
[SourceQuality "1"]
[WhiteTeam "Wien II"]
[BlackTeam "Stiftung BSW/DBAG III"]
[WhiteTeamCountry "AUT"]
[BlackTeamCountry "GER"]

1. d4 Nf6 2. Bg5 h6 3. Bxf6 exf6 4. g3 d5 5. Bg2 c6 6. Nf3 Qb6 7. b3 Bf5 8. 0-0 Na6 9. Nbd2 Ba3 10. e4 dxe4 11. Nh4 Bh7 12. Bxe4 0-0 13. Bxh7+ Kxh7 14. Nc4 Qb4 15. Qd3+ Kg8 16. Rad1 b5 17. Ne3 Qa5 18. c3 Bd6 19. Nhf5 Qd8 20. Qe4 Kh8 21. Qxc6 1-0

[Event "WchT Seniors 65"]
[Site "Radebeul"]
[Date "2016.06.30"]
[Round "5.2"]
[White "Ehlert, Joachim"]
[Black "Chaabani, Abdelkader"]
[Result "1-0"]
[WhiteElo "2007"]
[BlackElo "1728"]
[PlyCount "45"]
[EventDate "2016.06.26"]
[EventType "team-swiss"]
[EventRounds "9"]
[EventCountry "GER"]
[SourceTitle "CBM 173 Extra"]
[Source "ChessBase"]
[SourceDate "2016.08.29"]
[SourceVersion "1"]
[SourceVersionDate "2016.08.29"]
[SourceQuality "1"]
[WhiteTeam "Stiftung BSW/DBAG III"]
[BlackTeam "Tunisia"]
[WhiteTeamCountry "GER"]
[BlackTeamCountry "TUN"]

1. e4 e6 2. d4 d5 3. Nd2 Nf6 4. e5 Nfd7 5. Bd3 c5 6. c3 Nc6 7. Ne2 Qb6 8. Nf3 cxd4 9. cxd4 Bb4+ 10. Bd2 0-0 11. 0-0 Bxd2 12. Qxd2 Rd8 13. a3 Nf8 14. b4 Bd7 15. Nc3 Ne7 16. b5 Qa5 17. Nxd5 Qxd2 18. Nxe7+ Kh8 19. Nxd2 Re8 20. Rac1 Rxe7 21. Rc7 Bxb5 22. Rxe7 Bxd3 23. Rc1 1-0

[Event "WchT Seniors 65"]
[Site "Radebeul"]
[Date "2016.06.28"]
[Round "3.2"]
[White "Ehlert, Joachim"]
[Black "Lenk, Wolfgang"]
[Result "1/2-1/2"]
[WhiteElo "2007"]
[BlackElo "2213"]
[PlyCount "39"]
[EventDate "2016.06.26"]
[EventType "team-swiss"]
[EventRounds "9"]
[EventCountry "GER"]
[SourceTitle "CBM 173 Extra"]
[Source "ChessBase"]
[SourceDate "2016.08.29"]
[SourceVersion "1"]
[SourceVersionDate "2016.08.29"]
[SourceQuality "1"]
[WhiteTeam "Stiftung BSW/DBAG III"]
[BlackTeam "Dresden TU"]
[WhiteTeamCountry "GER"]
[BlackTeamCountry "GER"]

1. e4 d6 2. d4 Nf6 3. Nc3 g6 4. h3 Nbd7 5. Be3 c6 6. Bc4 b5 7. Bd3 b4 8. Nce2 Bg7 9. f4 Qb6 10. Nf3 0-0 11. Qd2 c5 12. c3 c4 13. Bc2 a5 14. g4 Bb7 15. Ng3 d5 16. Ne5 Qb5 17. Nxd7 Qxd7 18. e5 bxc3 19. bxc3 Ne4 20. Nxe4 1/2-1/2

[Event "EU-chT Seniors 15th"]
[Site "Dresden"]
[Date "2013.07.24"]
[Round "5"]
[White "Ehlert, Joachim"]
[Black "Wicklund Hansen, Richard"]
[Result "1/2-1/2"]
[WhiteElo "1984"]
[BlackElo "1864"]
[PlyCount "61"]
[EventDate "2013.07.20"]
[EventType "team-swiss"]
[EventRounds "9"]
[EventCountry "GER"]
[SourceTitle "CBM 155 Extra"]
[Source "ChessBase"]
[SourceDate "2013.08.26"]
[SourceVersion "1"]
[SourceVersionDate "2013.08.26"]
[SourceQuality "1"]
[WhiteTeam "BSW/DBAG IV"]
[BlackTeam "Norway III"]
[WhiteTeamCountry "GER"]
[BlackTeamCountry "NOR"]

1. e4 e5 2. Nf3 Nc6 3. Bb5 a6 4. Ba4 Nf6 5. 0-0 Be7 6. d3 b5 7. Bb3 0-0 8. c3 d6 9. Re1 Bb7 10. Nbd2 Na5 11. Bc2 c5 12. Nf1 Qc7 13. Ng3 Rfe8 14. Nf5 Bf8 15. Bd2 c4 16. Bg5 Nd7 17. N3h4 cxd3 18. Qxd3 Nc5 19. Qg3 Ne6 20. Be3 Kh8 21. Rad1 g6 22. Nh6 Nc4 23. Rb1 Nxe3 24. Qxe3 Qe7 25. Nf3 Bxh6 26. Qxh6 Qf8 27. Qe3 f6 28. a4 d5 29. axb5 axb5 30. Ra1 Qc5 31. Qxc5 1/2-1/2

[Event "EU-chT Seniors 15th"]
[Site "Dresden"]
[Date "2013.07.21"]
[Round "2"]
[White "Eichner, Christian"]
[Black "Ehlert, Joachim"]
[Result "1/2-1/2"]
[WhiteElo "2086"]
[BlackElo "1984"]
[PlyCount "39"]
[EventDate "2013.07.20"]
[EventType "team-swiss"]
[EventRounds "9"]
[EventCountry "GER"]
[SourceTitle "CBM 155 Extra"]
[Source "ChessBase"]
[SourceDate "2013.08.26"]
[SourceVersion "1"]
[SourceVersionDate "2013.08.26"]
[SourceQuality "1"]
[WhiteTeam "Dresden SV TUR"]
[BlackTeam "BSW/DBAG IV"]
[WhiteTeamCountry "GER"]
[BlackTeamCountry "GER"]

1. e4 c5 2. Nf3 e6 3. c3 Nf6 4. e5 Nd5 5. Bc4 Nb6 6. Bb3 d6 7. d4 dxe5 8. dxe5 Qxd1+ 9. Bxd1 g6 10. 0-0 Bg7 11. a4 Nc6 12. Re1 Nd7 13. Bf4 h6 14. Na3 g5 15. Bg3 g4 16. Nb5 0-0 17. Nd2 Ncxe5 18. Nc7 Rb8 19. f3 Rd8 20. Re2 1/2-1/2

[Event "GER-ch Seniors"]
[Site "Dresden"]
[Date "2012.08.12"]
[Round "4"]
[White "Maahs, Erich"]
[Black "Ehlert, Joachim"]
[Result "0-1"]
[WhiteElo "2065"]
[BlackElo "1936"]
[PlyCount "202"]
[EventDate "2012.08.09"]
[EventType "swiss"]
[EventRounds "9"]
[EventCountry "GER"]
[SourceTitle "EXT 2014"]
[Source "ChessBase"]
[SourceDate "2013.11.20"]
[SourceVersion "1"]
[SourceVersionDate "2013.11.20"]
[SourceQuality "1"]

1. e4 c5 2. Nf3 e6 3. Nc3 a6 4. d4 cxd4 5. Nxd4 Qc7 6. f4 Bb4 7. Qd3 Nf6 8. Bd2 Bxc3 9. bxc3 d5 10. exd5 Nxd5 11. g3 0-0 12. Bg2 Nf6 13. 0-0 Nbd7 14. Rae1 Nc5 15. Qf3 Rb8 16. Re5 Ncd7 17. Re2 Qc5 18. Rfe1 b5 19. g4 Bb7 20. Qd3 Bxg2 21. Rxg2 Nd5 22. Kh1 Rbc8 23. Rg3 Qc4 24. Qf3 b4 25. Ne2 bxc3 26. Nxc3 Nxc3 27. Bxc3 Qxa2 28. Re2 Qd5 29. Qxd5 exd5 30. Rd2 Nc5 31. Bb4 Ne4 32. Bxf8 Nxd2 33. Bb4 Ne4 34. Ra3 Nf2+ 35. Kg2 Nxg4 36. c3 Rc6 37. Ra5 h5 38. h3 Nf6 39. Kf3 Kh7 40. f5 g5 41. Ke3 g4 42. hxg4 hxg4 43. Kf4 Kg7 44. Bc5 g3 45. Bd4 g2 46. Ra1 Kf8 47. Kf3 Ne4 48. Kxg2 Ke7 49. Ra3 Nd6 50. f6+ Ke6 51. Ra1 Ne4 52. Re1 Kf5 53. Kf3 Re6 54. Ra1 Nxf6 55. Ra5 Rd6 56. c4 Ke6 57. c5 Rc6 58. Kf4 Ne4 59. Ke3 Kf5 60. Ra1 Ke6 61. Ra5 f5 62. Kf4 Nf6 63. Ra3 Nd7 64. Ra5 Nf6 65. Kf3 Nd7 66. Ke3 Ne5 67. Kf4 Nd3+ 68. Ke3 Ne5 69. Kf4 Ng6+ 70. Kg5 Ne7 71. Ra2 Kf7 72. Kf4 Re6 73. Kf3 Nc6 74. Bc3 d4 75. Bd2 Kf6 76. Ra3 Ne5+ 77. Kf4 Nc4 78. Rd3 Re4+ 79. Kg3 Nxd2 80. Rxd2 Ke5 81. Kf2 Kd5 82. Ra2 Re6 83. Ra5 Ke4 84. Ke2 Rc6 85. Kd2 f4 86. Ke2 f3+ 87. Kf2 Rg6 88. Ra3 Rg2+ 89. Kf1 Rc2 90. Rxa6 Rxc5 91. Re6+ Re5 92. Rf6 Ke3 93. Rf8 d3 94. Ra8 d2 95. Rd8 Ra5 96. Re8+ Kf4 97. Rf8+ Kg5 98. Rg8+ Kf6 99. Rd8 Ra1+ 100. Kf2 d1Q 101. Rxd1 Rxd1 0-1

[Event "GER-ch Seniors"]
[Site "Dresden"]
[Date "2012.08.10"]
[Round "2"]
[White "Neumann, Joachim"]
[Black "Ehlert, Joachim"]
[Result "1-0"]
[WhiteElo "2084"]
[BlackElo "1936"]
[PlyCount "45"]
[EventDate "2012.08.09"]
[EventType "swiss"]
[EventRounds "9"]
[EventCountry "GER"]
[SourceTitle "EXT 2014"]
[Source "ChessBase"]
[SourceDate "2013.11.20"]
[SourceVersion "1"]
[SourceVersionDate "2013.11.20"]
[SourceQuality "1"]

1. d4 Nf6 2. c4 g6 3. g3 Bg7 4. Bg2 0-0 5. Nf3 c6 6. 0-0 d6 7. Nc3 Nbd7 8. h3 Re8 9. e4 e5 10. Re1 a6 11. b3 Qc7 12. Bb2 Nf8 13. Rc1 Nh5 14. Qd2 Bd7 15. Rcd1 Rad8 16. dxe5 dxe5 17. Qe3 Ne6 18. c5 Qc8 19. Na4 Nf8 20. Nb6 Qc7 21. Nc4 f6 22. Bc3 Ra8 23. Ba5 1-0

[Event "Dresden ZMDI Blitz"]
[Site "Dresden"]
[Date "2011.08.12"]
[Round "7"]
[White "Phillipp, Jan"]
[Black "Ehlert, Joachim"]
[Result "1-0"]
[WhiteElo "1850"]
[BlackElo "1968"]
[PlyCount "37"]
[EventDate "2011.08.06"]
[EventType "swiss (blitz)"]
[EventRounds "9"]
[EventCountry "GER"]
[SourceTitle "EXT 2022"]
[Source "ChessBase"]
[SourceDate "2021.10.06"]
[SourceVersion "1"]
[SourceVersionDate "2021.10.06"]
[SourceQuality "1"]

1. e4 c5 2. d4 cxd4 3. c3 dxc3 4. Nxc3 g6 5. Nf3 Bg7 6. Bc4 h6 7. e5 Qc7 8. Qe2 Nc6 9. Bf4 e6 10. Nb5 Qd8 11. Nd6+ Kf8 12. 0-0 Nge7 13. Nd2 f5 14. exf6 Bxf6 15. N2e4 Nf5 16. Nxf5 exf5 17. Nd6 Qe7 18. Qd2 g5 19. Nxf5 1-0

[Event "Dresden ZMDI Blitz"]
[Site "Dresden"]
[Date "2011.08.09"]
[Round "4"]
[White "Ehlert, Joachim"]
[Black "Schmidt, Kevin"]
[Result "1/2-1/2"]
[WhiteElo "1968"]
[BlackElo "1764"]
[PlyCount "59"]
[EventDate "2011.08.06"]
[EventType "swiss (blitz)"]
[EventRounds "9"]
[EventCountry "GER"]
[SourceTitle "EXT 2022"]
[Source "ChessBase"]
[SourceDate "2021.10.06"]
[SourceVersion "1"]
[SourceVersionDate "2021.10.06"]
[SourceQuality "1"]

1. e4 g6 2. d4 Bg7 3. Nc3 d6 4. Be3 a6 5. Qd2 b5 6. a3 Bb7 7. f3 Nd7 8. h4 c5 9. h5 cxd4 10. Bxd4 e5 11. Be3 Nb6 12. hxg6 hxg6 13. Rxh8 Bxh8 14. 0-0-0 Nc8 15. g3 Bf6 16. Bh3 Be7 17. Bg2 Nb6 18. Bxb6 Qxb6 19. f4 0-0-0 20. Kb1 Nf6 21. Nh3 Ng4 22. Re1 Kb8 23. Bf3 f5 24. Bxg4 fxg4 25. Nf2 exf4 26. gxf4 g3 27. Nh1 Bh4 28. Qg2 Rf8 29. Nxg3 Rxf4 30. Nd5 1/2-1/2

[Event "EU-chT Seniors 12th"]
[Site "Dresden"]
[Date "2010.02.18"]
[Round "9"]
[White "Flockhart, Hugh"]
[Black "Ehlert, Joachim"]
[Result "1/2-1/2"]
[WhiteElo "1871"]
[BlackElo "2009"]
[PlyCount "63"]
[EventDate "2010.02.10"]
[EventType "team-swiss"]
[EventRounds "9"]
[EventCountry "GER"]
[SourceTitle "CBM 134 Extra"]
[Source "ChessBase"]
[SourceDate "2010.03.03"]
[SourceVersion "1"]
[SourceVersionDate "2010.03.03"]
[SourceQuality "1"]
[WhiteTeam "Scotland (Seniors) II"]
[BlackTeam "Stiftung BSW/DBAG (Seniors) IV"]
[WhiteTeamCountry "SCO"]
[BlackTeamCountry "GER"]

1. e4 c5 2. Nf3 e6 3. c3 Nf6 4. e5 Nd5 5. d4 Nc6 6. Bc4 cxd4 7. cxd4 Be7 8. 0-0 d6 9. Bxd5 exd5 10. exd6 Qxd6 11. h3 0-0 12. Nc3 a6 13. Ne2 Bf6 14. Bg5 Bxg5 15. Nxg5 Qf6 16. f4 Re8 17. Nf3 Qg6 18. Kh2 f6 19. Qd2 Bd7 20. Nc3 Ne7 21. Rae1 Rac8 22. Rg1 b5 23. a3 a5 24. b4 axb4 25. axb4 Rc4 26. g4 Rec8 27. f5 Nxf5 28. gxf5 Qxf5 29. Qh6 g6 30. Re7 Qxh3+ 31. Qxh3 Bxh3 32. Nxd5 1/2-1/2

[Event "GER-ch Seniors 21st"]
[Site "Dresden"]
[Date "2009.08.10"]
[Round "9"]
[White "Nagorni, Walter"]
[Black "Ehlert, Joachim"]
[Result "1-0"]
[WhiteElo "2128"]
[BlackElo "2005"]
[PlyCount "91"]
[EventDate "2009.08.03"]
[EventType "swiss"]
[EventRounds "9"]
[EventCountry "GER"]
[SourceTitle "CBM 131 Extra"]
[Source "ChessBase"]
[SourceDate "2009.09.03"]
[SourceVersion "2"]
[SourceVersionDate "2009.09.16"]
[SourceQuality "1"]

1. Nf3 Nf6 2. d4 c6 3. g3 g6 4. Bg2 Bg7 5. 0-0 0-0 6. c4 d5 7. Nc3 Nbd7 8. b3 Nb6 9. c5 Nbd7 10. Bf4 Nh5 11. Rc1 Nxf4 12. gxf4 Nf6 13. Kh1 Nh5 14. e3 f5 15. Rg1 Nf6 16. Ne5 Ne4 17. Bxe4 fxe4 18. Ne2 Be6 19. Rg3 Bf6 20. Qg1 Bf5 21. Ng4 Bg7 22. Qg2 Kf7 23. Rg1 Ke8 24. Ne5 Bxe5 25. fxe5 Kd7 26. Nf4 e6 27. b4 a5 28. Rb1 axb4 29. Rxb4 Kc8 30. Rb6 Rxa2 31. Qf1 Qc7 32. Qg1 Qb8 33. h4 Qa7 34. Rb1 Qa3 35. h5 Rb2 36. Ra1 Ra2 37. Rxa2 Qxa2 38. Qh2 Qd2 39. Kg2 Qd1 40. Qh4 Rd8 41. Qf6 Bg4 42. Kh2 Bf3 43. Qxe6+ Kb8 44. Rg1 Qd2 45. Nh3 gxh5 46. Qe7 1-0

[Event "GER-ch Seniors 21st"]
[Site "Dresden"]
[Date "2009.08.03"]
[Round "1"]
[White "Haselhorst, Helmut"]
[Black "Ehlert, Joachim"]
[Result "1-0"]
[WhiteElo "2178"]
[BlackElo "2005"]
[PlyCount "83"]
[EventDate "2009.08.03"]
[EventType "swiss"]
[EventRounds "9"]
[EventCountry "GER"]
[SourceTitle "CBM 131 Extra"]
[Source "ChessBase"]
[SourceDate "2009.09.03"]
[SourceVersion "2"]
[SourceVersionDate "2009.09.16"]
[SourceQuality "1"]

1. d4 Nf6 2. Nf3 g6 3. c4 Bg7 4. Nc3 0-0 5. Bf4 d5 6. e3 c6 7. h3 Nbd7 8. Bd3 dxc4 9. Bxc4 Nb6 10. Bd3 Nfd5 11. Bh2 Nxc3 12. bxc3 Nd5 13. Qd2 Qa5 14. Rc1 Be6 15. 0-0 Nb6 16. c4 Qxd2 17. Nxd2 f5 18. Nb3 Rad8 19. Rfd1 Bc8 20. Be2 Bh6 21. Rb1 f4 22. e4 f3 23. Bxf3 Nxc4 24. Be2 Nd6 25. f3 b6 26. a4 Be6 27. Kh1 Nb7 28. Ba6 Nd6 29. Na1 Nc4 30. Nc2 Na5 31. Nb4 Bg7 32. Bg1 Kh8 33. d5 cxd5 34. exd5 Bf5 35. Rbc1 Bb2 36. Rc7 Rd7 37. Rxd7 Bxd7 38. Bb5 Bxb5 39. axb5 Ba3 40. Nc6 Nxc6 41. dxc6 Kg7 42. Ra1 1-0

[Event "EU-chT Seniors 11th"]
[Site "Velden"]
[Date "2009.04.10"]
[Round "6"]
[White "Ehlert, Joachim"]
[Black "Ulrichsen, Jarl Henning"]
[Result "0-1"]
[WhiteElo "2016"]
[BlackElo "2227"]
[PlyCount "74"]
[EventDate "2009.04.05"]
[EventType "team-swiss"]
[EventRounds "9"]
[EventCountry "AUT"]
[SourceTitle "CBM 129 Extra"]
[Source "ChessBase"]
[SourceDate "2009.05.05"]
[SourceVersion "2"]
[SourceVersionDate "2009.05.20"]
[SourceQuality "1"]

1. e4 c6 2. d4 d5 3. e5 Bf5 4. Nf3 e6 5. Be3 Qb6 6. Qc1 c5 7. c3 Nc6 8. Nbd2 a6 9. Nb3 c4 10. Nbd2 h6 11. Be2 Nge7 12. 0-0 Qc7 13. Re1 Bh7 14. Nf1 Nf5 15. Bd2 Be7 16. Ne3 b5 17. Bd1 a5 18. h3 b4 19. Nh2 a4 20. Nxf5 Bxf5 21. Bc2 Bxc2 22. Qxc2 a3 23. f4 g6 24. Ng4 h5 25. Nf6+ Bxf6 26. exf6 axb2 27. Qxb2 bxc3 28. Qxc3 Kd7 29. Reb1 Rhb8 30. Rxb8 Qxb8 31. g4 hxg4 32. hxg4 Qa7 33. Be3 Qa3 34. Qxa3 Rxa3 35. Kf2 Nb4 36. Bd2 Rxa2 37. Rxa2 Nxa2 0-1

[Event "EU-chT Seniors 11th"]
[Site "Velden"]
[Date "2009.04.07"]
[Round "3"]
[White "Lehtosaari, Kalevi"]
[Black "Ehlert, Joachim"]
[Result "1-0"]
[WhiteElo "2031"]
[BlackElo "2016"]
[PlyCount "61"]
[EventDate "2009.04.05"]
[EventType "team-swiss"]
[EventRounds "9"]
[EventCountry "AUT"]
[SourceTitle "CBM 129 Extra"]
[Source "ChessBase"]
[SourceDate "2009.05.05"]
[SourceVersion "2"]
[SourceVersionDate "2009.05.20"]
[SourceQuality "1"]

1. c4 Nf6 2. Nc3 g6 3. Nf3 Bg7 4. d4 0-0 5. Bg5 d6 6. Qd2 c6 7. e4 a6 8. Bh6 b5 9. Bxg7 Kxg7 10. Bd3 Nbd7 11. 0-0 Nb6 12. b3 Bg4 13. Ne1 e5 14. Nc2 bxc4 15. bxc4 c5 16. d5 Nh5 17. h3 Bd7 18. Ne2 f5 19. exf5 gxf5 20. f3 f4 21. Rab1 Kh8 22. Qa5 Rb8 23. Rb3 Rg8 24. Rfb1 Bxh3 25. Ne1 Bxg2 26. Nxg2 Qg5 27. Kf1 Qxg2+ 28. Ke1 Nd7 29. Rxb8 Nxb8 30. Qc7 Qxf3 31. Qxh7# 1-0